000 01634cam a2200421 a 4500
001 21648
003 VRT
005 20260307110052.0
008 240226s1993 xo gr 000 f slo
015 _aSNBA1993/07
020 _a8085506203
_q(brožované)
035 _aSNK000014877
039 9 _a202402261442
_bVLOAD
_c202401251110
_dmsnk115
_c202309280817
_dcsnkv15
_c202212121525
_dmsnk116
040 _aSNK
_bslo
_cSNK
_eAACR2
041 1 _aslo
_hhrv
044 _axo
_cSK
072 7 _a821.163
_xJužnoslovanské literatúry
_2konspekt
080 _a821.163.42-31
_22011
100 1 _aJurić-Zagorka, Marija,
_d1873-1957
_4aut
240 1 0 _aKneginja iz Petrinjske ulice
_lSlovensky
245 1 0 _aKňažná z Petrinskej ulice
_cMarija Jurič Zagorka ; preklad Emil Hantel
250 _a[1. vyd.]
260 _aBratislava
_bJuga
_c1993
_eBratislava
_fSvornosť
300 _a285 s.
_c21 cm
655 7 _aCroatian fiction
_2SNKPHeng
655 7 _achorvátske romány
_2SNKPH
700 1 _aHantel, Emil,
_d1943-2021
_4trl
700 1 2 _iPokračovanie diela:
_aJurić-Zagorka, Marija,
_d1873-1957
_tProrok na kamennej bráne
700 1 2 _iPokračovanie diela:
_aJurić-Zagorka, Marija,
_d1873-1957
_tPeklo trónu
700 1 2 _iPokračovanie diela:
_aJurić-Zagorka, Marija,
_d1873-1957
_tVeľký súd
910 _asnk
942 _2ddc
_cKLDO
_n0
949 _617A0087706
_asnkSC 85105 D1
949 _6270001000020159
_asvkbbA 84121
_bsvkbbm 579741
949 _617A0996405
_asnkSC 85105
_bsnkKSP 6000/93
_s6100:20221214
949 _63912003155
_aknkjsdo/B
_bknkjs2008/228236
949 _6273K0203631
_asvkpoA 159941
_bsvkpo394941
_oPV 4374/93
999 _c21648
_d21648